| 000 | 00000nam 2200000zi 4500 |
| 001 | 9.908458 |
| 003 | CaOODSP |
| 005 | 20221107181651 |
| 006 | m o d f |
| 007 | cr |n||||||||| |
| 008 | 220224s2022 onc o f00| 0 fre d |
| 020 | |a9780660422138 |
| 040 | |aCaOODSP|bfre|erda|cCaOODSP |
| 043 | |an-cn--- |
| 086 | 1 |aM134-70/2022F-PDF |
| 245 | 00|aConclusions de l'examen quinquennal de la limite de responsabilité civile en vertu de la Loi sur la responsabilité et l'indemnisation en matière nucléaire. |
| 264 | 1|aOttawa : |bNatural Resources Canada = Ressources naturelles Canada, |c2022. |
| 300 | |a1 ressource en ligne (ii, 2 pages) |
| 336 | |atexte|btxt|2rdacontent/fre |
| 337 | |ainformatique|bc|2rdamedia/fre |
| 338 | |aressource en ligne|bcr|2rdacarrier/fre |
| 500 | |aPublié aussi en anglais sous le titre : Findings from the five-year review of the third party nuclear liability limit under the Nuclear Liability and Compensation Act. |
| 650 | 6|aResponsabilité nucléaire|zCanada. |
| 710 | 1 |aCanada. |bRessources naturelles Canada, |eorganisme de publication. |
| 775 | 08|tFindings from the five-year review of the third party nuclear liability limit under the Nuclear Liability and Compensation Act.|w(CaOODSP)9.908457 |
| 856 | 40|qPDF|s823 Ko|uhttps://publications.gc.ca/collections/collection_2022/rncan-nrcan/M134-70-2022-fra.pdf |